[Event "Grand Swiss "]
[Date "2025.09.15"]
[White "Svane, Rasmus"]
[Black "Abdisalimov, Abdimalik"]
[WhiteElo "2620"]
[BlackElo "2488"]
[Round "11.11.52"]
[Result "0-1"]

1. e4 {[%clk 01:40:58] [%emt 00:00:01]} c5 {[%clk 01:40:52] [%emt 00:00:08]} 2.
Nf3 {[%clk 01:41:21] [%emt 00:00:06]} d6 {[%clk 01:41:19] [%emt 00:00:04]} 3.
Bb5+ {[%clk 01:41:43] [%emt 00:00:07]} Bd7 {[%clk 01:41:37] [%emt 00:00:13]} 4.
c4 {[%clk 01:42:06] [%emt 00:00:07]} Nc6 {[%clk 01:41:09] [%emt 00:00:58]} 5. d4
{[%clk 01:35:22] [%emt 00:07:14]} cxd4 {[%clk 01:39:59] [%emt 00:01:40]} 6. Bxc6
{[%clk 01:33:36] [%emt 00:02:16]} bxc6 {[%clk 01:38:26] [%emt 00:02:03]} 7. Qxd4
{[%clk 01:33:52] [%emt 00:00:14]} e5 {[%clk 01:27:21] [%emt 00:11:35]} 8. Qd3
{[%clk 01:34:13] [%emt 00:00:05]} Nf6 {[%clk 01:17:54] [%emt 00:10:01]} 9. O-O
{[%clk 01:34:20] [%emt 00:00:23]} Be7 {[%clk 01:18:21] [%emt 00:00:03]} 10. Nc3
{[%clk 01:26:57] [%emt 00:07:53]} O-O {[%clk 01:17:00] [%emt 00:01:51]} 11. Rd1
{[%clk 01:05:11] [%emt 00:22:15]} Bg4 {[%clk 01:11:55] [%emt 00:05:36]} 12. h3
{[%clk 01:02:02] [%emt 00:03:39]} Bh5 {[%clk 01:10:30] [%emt 00:01:56]} 13. Bg5
{[%clk 00:58:22] [%emt 00:04:09]} Ne8 {[%clk 01:05:40] [%emt 00:05:20]} 14. Bxe7
{[%clk 00:55:39] [%emt 00:03:13]} Qxe7 {[%clk 01:04:38] [%emt 00:01:33]} 15. b4
{[%clk 00:53:29] [%emt 00:02:39]} Qe6 {[%clk 01:02:41] [%emt 00:02:28]} 16. g4
{[%clk 00:32:03] [%emt 00:21:55]} Bg6 {[%clk 01:01:29] [%emt 00:01:42]} 17. Nh4
{[%clk 00:30:15] [%emt 00:02:18]} h5 {[%clk 00:53:35] [%emt 00:08:24]} 18. Nf5
{[%clk 00:27:10] [%emt 00:03:34]} Nf6 {[%clk 00:32:31] [%emt 00:21:35]} 19. f3
{[%clk 00:18:59] [%emt 00:08:42]} Rfd8 {[%clk 00:29:48] [%emt 00:03:12]} 20.
Nxd6 {[%clk 00:17:41] [%emt 00:01:48]} a5 {[%clk 00:26:45] [%emt 00:03:33]} 21.
b5 {[%clk 00:13:48] [%emt 00:04:24]} c5 {[%clk 00:26:50] [%emt 00:00:25]} 22. b6
{[%clk 00:12:23] [%emt 00:01:54]} Rab8 {[%clk 00:25:21] [%emt 00:01:59]} 23.
Ncb5 {[%clk 00:07:49] [%emt 00:05:04]} Rxb6 {[%clk 00:23:46] [%emt 00:02:06]}
24. Qd2 {[%clk 00:07:31] [%emt 00:00:47]} a4 {[%clk 00:14:20] [%emt 00:09:57]}
25. Rac1 {[%clk 00:05:51] [%emt 00:02:10]} Ne8 {[%clk 00:10:18] [%emt 00:04:31]}
26. Qa5 {[%clk 00:04:27] [%emt 00:01:55]} Rdxd6 {[%clk 00:10:38] [%emt
00:00:09]} 27. Nxd6 {[%clk 00:04:50] [%emt 00:00:08]} Rxd6 {[%clk 00:11:03]
[%emt 00:00:04]} 28. Rd5 {[%clk 00:02:26] [%emt 00:02:54]} hxg4 {[%clk 00:07:59]
[%emt 00:03:34]} 29. hxg4 {[%clk 00:02:43] [%emt 00:00:13]} Bxe4 {[%clk
00:06:57] [%emt 00:01:32]} 30. Rxd6 {[%clk 00:02:51] [%emt 00:00:22]} Qxd6
{[%clk 00:06:48] [%emt 00:00:39]} 31. fxe4 {[%clk 00:02:55] [%emt 00:00:26]}
Qd4+ {[%clk 00:07:17]} 32. Kf1 {[%clk 00:02:22] [%emt 00:01:02]} Nf6 {[%clk
00:05:17] [%emt 00:02:31]} 33. Qc3 {[%clk 00:01:05] [%emt 00:01:46]} Qxe4 {[%clk
00:05:46] [%emt 00:00:02]} 34. Re1 {[%clk 00:00:49] [%emt 00:00:46]} Qf4+ {[%clk
00:06:12] [%emt 00:00:04]} 35. Kg2 {[%clk 00:00:42] [%emt 00:00:37]} Nxg4 {[%clk
00:04:45] [%emt 00:01:56]} 36. Qf3 {[%clk 00:00:44] [%emt 00:00:28]} Qh2+ {[%clk
00:01:34] [%emt 00:03:41]} 37. Kf1 {[%clk 00:01:13]} Qh4 {[%clk 00:01:55] [%emt
00:00:09]} 38. Ke2 {[%clk 00:01:14] [%emt 00:00:30]} Qh2+ {[%clk 00:01:06] [%emt
00:01:19]} 39. Kf1 {[%clk 00:00:45] [%emt 00:00:59]} Qh4 {[%clk 00:01:07] [%emt
00:00:28]} 40. Ke2 {[%clk 00:01:12] [%emt 00:00:04]} Nh6 {[%clk 00:00:36] [%emt
00:01:01]} 41. Qd5 {[%clk 00:38:43] [%emt 00:12:58]} Nf5 {[%clk 00:44:37] [%emt
00:06:29]} 42. Qxe5 {[%clk 00:36:16] [%emt 00:02:58]} Qxc4+ {[%clk 00:44:08]
[%emt 00:00:59]} 43. Kf2 {[%clk 00:34:59] [%emt 00:01:46]} g6 {[%clk 00:17:45]
[%emt 00:26:54]} 44. Qe8+ {[%clk 00:29:04] [%emt 00:06:24]} Kg7 {[%clk 00:18:08]
[%emt 00:00:07]} 45. Qe5+ {[%clk 00:29:30] [%emt 00:00:04]} f6 {[%clk 00:17:54]
[%emt 00:00:44]} 46. Qc7+ {[%clk 00:28:03] [%emt 00:01:56]} Kh6 {[%clk 00:18:09]
[%emt 00:00:17]} 47. Qh2+ {[%clk 00:19:06] [%emt 00:09:26]} Nh4 {[%clk 00:18:32]
[%emt 00:00:07]} 48. Re2 {[%clk 00:18:52] [%emt 00:00:44]} Kh5 {[%clk 00:15:57]
[%emt 00:03:06]} 49. Qd6 {[%clk 00:17:03] [%emt 00:02:18]} f5 {[%clk 00:16:03]
[%emt 00:00:25]} 50. a3 {[%clk 00:13:03] [%emt 00:04:30]} g5 {[%clk 00:15:07]
[%emt 00:01:25]} 51. Qe5 {[%clk 00:12:01] [%emt 00:01:32]} Qc1 {[%clk 00:05:47]
[%emt 00:09:51]} 52. Qe8+ {[%clk 00:11:35] [%emt 00:00:54]} Kg4 {[%clk 00:05:53]
[%emt 00:00:25]} 53. Qxa4+ {[%clk 00:11:33] [%emt 00:00:32]} c4 {[%clk 00:05:47]
[%emt 00:00:36]} 54. Rc2 {[%clk 00:07:29] [%emt 00:04:34]} Qf4+ {[%clk 00:06:16]
[%emt 00:00:01]} 55. Ke2 {[%clk 00:07:45] [%emt 00:00:14]} Qe4+ {[%clk 00:06:42]
[%emt 00:00:04]} 56. Kd1 {[%clk 00:05:51] [%emt 00:02:24]} Ng2 {[%clk 00:07:11]
[%emt 00:00:02]} 57. Rxg2+ {[%clk 00:04:45] [%emt 00:01:35]} Qxg2 {[%clk
00:07:40] [%emt 00:00:01]} 58. Qxc4+ {[%clk 00:05:07] [%emt 00:00:08]} f4 {[%clk
00:06:33] [%emt 00:01:38]} 59. a4 {[%clk 00:05:23] [%emt 00:00:13]} Qb2 {[%clk
00:05:47] [%emt 00:01:16]} 60. Qb5 {[%clk 00:00:49] [%emt 00:05:05]} Qd4+ {[%clk
00:05:40] [%emt 00:00:36]} 61. Kc2 {[%clk 00:12:14] [%emt 00:04:05]} f3 {[%clk
00:20:56] [%emt 00:00:14]} 62. a5 {[%clk 00:12:32] [%emt 00:00:13]} f2 {[%clk
00:19:41] [%emt 00:01:45]} 63. a6 {[%clk 00:12:33] [%emt 00:00:28]} Kh4 {[%clk
00:18:50] [%emt 00:01:21]} 64. Qe2 {[%clk 00:08:11] [%emt 00:04:51]} g4 {[%clk
00:16:02] [%emt 00:03:20]} 65. Kb3 {[%clk 00:04:29] [%emt 00:04:11]} Kg3 {[%clk
00:14:16] [%emt 00:02:16]} 66. Kc2 {[%clk 00:03:53] [%emt 00:01:06]} Kh2 {[%clk
00:13:10] [%emt 00:01:36]} 67. Kb3 {[%clk 00:03:17] [%emt 00:01:06]} g3 {[%clk
00:12:46] [%emt 00:00:55]} 68. Kc2 {[%clk 00:00:58] [%emt 00:02:48]} Kg1 {[%clk
00:12:27] [%emt 00:00:50]} 0-1

[Site "Europe Echecs"]

[Event "Grand Swiss "]
[Date "2025.09.15"]
[White "Suyarov, Mukhammadzokhid"]
[Black "Sarana, Alexey"]
[WhiteElo "2482"]
[BlackElo "2686"]
[Round "11.11.53"]
[Result "1/2-1/2"]

1. e4 {[%clk 01:40:25] [%emt 00:00:34]} c5 {[%clk 01:40:55] [%emt 00:00:05]} 2.
Nf3 {[%clk 01:40:20] [%emt 00:00:35]} d6 {[%clk 01:41:21] [%emt 00:00:05]} 3.
Bb5+ {[%clk 01:40:29] [%emt 00:00:21]} Nd7 {[%clk 01:41:37] [%emt 00:00:13]} 4.
c3 {[%clk 01:39:42] [%emt 00:01:17]} a6 {[%clk 01:41:26] [%emt 00:00:41]} 5. Ba4
{[%clk 01:39:57] [%emt 00:00:16]} Ngf6 {[%clk 01:41:41] [%emt 00:00:14]} 6. Qe2
{[%clk 01:40:17] [%emt 00:00:10]} b5 {[%clk 01:40:14] [%emt 00:01:57]} 7. Bc2
{[%clk 01:40:39] [%emt 00:00:08]} Bb7 {[%clk 01:40:37] [%emt 00:00:07]} 8. d4
{[%clk 01:40:59] [%emt 00:00:10]} e6 {[%clk 01:41:00] [%emt 00:00:07]} 9. O-O
{[%clk 01:41:17] [%emt 00:00:12]} Be7 {[%clk 01:41:25] [%emt 00:00:05]} 10. Re1
{[%clk 01:41:34] [%emt 00:00:13]} Qc7 {[%clk 01:38:22] [%emt 00:03:32]} 11. a4
{[%clk 01:40:59] [%emt 00:01:06]} cxd4 {[%clk 01:26:08] [%emt 00:12:44]} 12.
cxd4 {[%clk 01:41:21] [%emt 00:00:08]} O-O {[%clk 01:26:29] [%emt 00:00:09]} 13.
Bd3 {[%clk 01:33:06] [%emt 00:08:45]} bxa4 {[%clk 01:24:15] [%emt 00:02:44]} 14.
Rxa4 {[%clk 01:31:20] [%emt 00:02:16]} a5 {[%clk 01:22:44] [%emt 00:02:01]} 15.
Nc3 {[%clk 01:13:10] [%emt 00:18:40]} Rfc8 {[%clk 01:19:01] [%emt 00:04:13]} 16.
Bf4 {[%clk 01:03:36] [%emt 00:10:04]} e5 {[%clk 01:09:37] [%emt 00:09:55]} 17.
Be3 {[%clk 00:57:24] [%emt 00:06:42]} exd4 {[%clk 01:05:00] [%emt 00:05:08]} 18.
Rxd4 {[%clk 00:46:59] [%emt 00:10:55]} Ne5 {[%clk 01:01:42] [%emt 00:03:47]} 19.
Rd1 {[%clk 00:38:51] [%emt 00:08:38]} Bc6 {[%clk 00:53:11] [%emt 00:09:01]} 20.
Bb1 {[%clk 00:36:02] [%emt 00:03:20]} Rab8 {[%clk 00:48:40] [%emt 00:05:00]} 21.
h3 {[%clk 00:34:19] [%emt 00:02:13]} Nxf3+ {[%clk 00:45:52] [%emt 00:03:18]} 22.
gxf3 {[%clk 00:34:06] [%emt 00:00:43]} Rb4 {[%clk 00:44:12] [%emt 00:02:11]} 23.
Ba2 {[%clk 00:25:05] [%emt 00:09:31]} Qb7 {[%clk 00:39:56] [%emt 00:04:45]} 24.
R1d2 {[%clk 00:22:42] [%emt 00:02:53]} Bd7 {[%clk 00:35:18] [%emt 00:05:09]} 25.
Kh2 {[%clk 00:19:27] [%emt 00:03:45]} Be6 {[%clk 00:34:58] [%emt 00:00:50]} 26.
Nd5 {[%clk 00:19:04] [%emt 00:00:52]} Rxd4 {[%clk 00:30:48] [%emt 00:04:41]} 27.
Rxd4 {[%clk 00:19:15] [%emt 00:00:20]} Bd8 {[%clk 00:30:50] [%emt 00:00:27]} 28.
Bf4 {[%clk 00:15:46] [%emt 00:03:59]} Ne8 {[%clk 00:30:01] [%emt 00:01:19]} 29.
Bg3 {[%clk 00:14:18] [%emt 00:01:58]} Rc1 {[%clk 00:23:36] [%emt 00:06:55]} 30.
f4 {[%clk 00:12:24] [%emt 00:02:24]} Bb6 {[%clk 00:17:31] [%emt 00:06:35]} 31.
Qb5 {[%clk 00:07:46] [%emt 00:05:08]} Kf8 {[%clk 00:13:57] [%emt 00:04:04]} 32.
f5 {[%clk 00:01:32] [%emt 00:06:44]} Bxd5 {[%clk 00:14:13] [%emt 00:00:14]} 33.
Bxd5 {[%clk 00:01:36] [%emt 00:00:27]} Qc7 {[%clk 00:09:45] [%emt 00:04:58]} 34.
Rc4 {[%clk 00:00:43] [%emt 00:01:22]} Rxc4 {[%clk 00:10:05] [%emt 00:00:10]} 35.
Bxc4 {[%clk 00:00:43] [%emt 00:00:30]} Bd4 {[%clk 00:08:15] [%emt 00:02:19]} 36.
b3 {[%clk 00:00:55] [%emt 00:00:19]} Nf6 {[%clk 00:07:48] [%emt 00:00:56]} 37.
Qa6 {[%clk 00:00:48] [%emt 00:00:37]} Ke7 {[%clk 00:08:12] [%emt 00:00:06]} 38.
Qa8 {[%clk 00:00:54] [%emt 00:00:24]} g5 {[%clk 00:03:16] [%emt 00:05:26]} 39.
fxg6 {[%clk 00:01:09] [%emt 00:00:16]} hxg6 {[%clk 00:03:04] [%emt 00:00:42]}
40. Kg2 {[%clk 00:01:27] [%emt 00:00:12]} Qa7 {[%clk 00:00:44] [%emt 00:02:49]}
41. Qxa7+ {[%clk 00:31:52] [%emt 00:20:06]} Bxa7 {[%clk 00:50:54] [%emt
00:00:19]} 42. Bh4 {[%clk 00:30:14] [%emt 00:02:08]} Bd4 {[%clk 00:51:15] [%emt
00:00:09]} 43. f4 {[%clk 00:30:23] [%emt 00:00:20]} Kf8 {[%clk 00:51:06] [%emt
00:00:39]} 44. Kf3 {[%clk 00:30:30] [%emt 00:00:24]} Nd7 {[%clk 00:51:13] [%emt
00:00:22]} 45. Be1 {[%clk 00:26:49] [%emt 00:04:11]} Bb6 {[%clk 00:50:59] [%emt
00:00:45]} 46. Bc3 {[%clk 00:26:53] [%emt 00:00:26]} Nc5 {[%clk 00:51:19] [%emt
00:00:09]} 47. Bf6 {[%clk 00:23:25] [%emt 00:03:58]} Nd7 {[%clk 00:50:19] [%emt
00:01:31]} 48. Bh4 {[%clk 00:19:30] [%emt 00:04:24]} Nc5 {[%clk 00:49:51] [%emt
00:00:59]} 49. Bd5 {[%clk 00:19:19] [%emt 00:00:41]} Nd3 {[%clk 00:47:58] [%emt
00:02:23]} 50. Bg3 {[%clk 00:19:35] [%emt 00:00:14]} Bd4 {[%clk 00:47:11] [%emt
00:01:16]} 51. Bc4 {[%clk 00:18:26] [%emt 00:01:40]} Nb4 {[%clk 00:47:18] [%emt
00:00:23]} 52. Bh4 {[%clk 00:18:02] [%emt 00:00:54]} f6 {[%clk 00:47:19] [%emt
00:00:29]} 53. Be1 {[%clk 00:16:57] [%emt 00:01:33]} Kg7 {[%clk 00:47:43] [%emt
00:00:08]} 54. Kg4 {[%clk 00:17:14] [%emt 00:00:13]} Bb6 {[%clk 00:47:47] [%emt
00:00:26]} 55. Bc3 {[%clk 00:16:44] [%emt 00:00:59]} Nc2 {[%clk 00:48:08] [%emt
00:00:09]} 56. Be6 {[%clk 00:13:44] [%emt 00:03:30]} Nd4 {[%clk 00:48:15] [%emt
00:00:23]} 57. Bd5 {[%clk 00:12:51] [%emt 00:01:23]} Kh6 {[%clk 00:48:32] [%emt
00:00:14]} 58. f5 {[%clk 00:10:01] [%emt 00:03:18]} g5 {[%clk 00:48:24] [%emt
00:00:40]} 59. h4 {[%clk 00:09:38] [%emt 00:00:53]} gxh4 {[%clk 00:48:50] [%emt
00:00:04]} 60. Kxh4 {[%clk 00:10:01] [%emt 00:00:08]} Kg7 {[%clk 00:49:07] [%emt
00:00:12]} 61. Kg4 {[%clk 00:09:45] [%emt 00:00:45]} Nc2 {[%clk 00:48:24] [%emt
00:01:13]} 62. Bd2 {[%clk 00:09:42] [%emt 00:00:34]} Kh7 {[%clk 00:48:38] [%emt
00:00:15]} 63. Kf3 {[%clk 00:08:47] [%emt 00:01:25]} Nd4+ {[%clk 00:48:24] [%emt
00:00:44]} 64. Kg2 {[%clk 00:09:12] [%emt 00:00:06]} Kg7 {[%clk 00:48:43] [%emt
00:00:11]} 65. Bf4 {[%clk 00:09:37] [%emt 00:00:05]} Bc5 {[%clk 00:49:04] [%emt
00:00:08]} 66. Kf1 {[%clk 00:07:57] [%emt 00:02:10]} Kf8 {[%clk 00:48:04] [%emt
00:01:30]} 67. Ke1 {[%clk 00:07:24] [%emt 00:01:03]} Bb4+ {[%clk 00:48:20] [%emt
00:00:15]} 68. Kf2 {[%clk 00:05:18] [%emt 00:02:32]} Bc5 {[%clk 00:48:34] [%emt
00:00:20]} 69. Kg2 {[%clk 00:05:45] [%emt 00:00:03]} Bb4 {[%clk 00:48:45] [%emt
00:00:19]} 70. Be3 {[%clk 00:05:27] [%emt 00:00:48]} Bc3 {[%clk 00:48:49] [%emt
00:00:26]} 71. Kg3 {[%clk 00:05:25] [%emt 00:00:29]} Nc2 {[%clk 00:48:20] [%emt
00:01:02]} 72. Bh6+ {[%clk 00:04:55] [%emt 00:00:58]} Ke7 {[%clk 00:48:47] [%emt
00:00:04]} 73. Kf3 {[%clk 00:05:14] [%emt 00:00:11]} Bd4 {[%clk 00:48:08] [%emt
00:01:09]} 74. Bd2 {[%clk 00:04:55] [%emt 00:00:49]} Bb6 {[%clk 00:48:05] [%emt
00:00:33]} 75. Kg4 {[%clk 00:04:50] [%emt 00:00:35]} Kf8 {[%clk 00:47:01] [%emt
00:01:36]} 76. Kf3 {[%clk 00:05:15] [%emt 00:00:05]} Nb4 {[%clk 00:46:59] [%emt
00:00:31]} 77. Bc3 {[%clk 00:05:31] [%emt 00:00:14]} Ke7 {[%clk 00:46:10] [%emt
00:01:19]} 78. Ke2 {[%clk 00:04:04] [%emt 00:01:57]} Bg1 {[%clk 00:42:41] [%emt
00:03:58]} 79. Kd2 {[%clk 00:02:04] [%emt 00:02:30]} Bf2 {[%clk 00:42:58] [%emt
00:00:14]} 80. Bb2 {[%clk 00:02:16] [%emt 00:00:18]} Na6 {[%clk 00:43:18] [%emt
00:00:10]} 81. Kc3 {[%clk 00:13:02] [%emt 00:04:43]} Be1+ {[%clk 00:58:26] [%emt
00:00:23]} 82. Kc4 {[%clk 00:13:26] [%emt 00:00:05]} Nc7 {[%clk 00:58:53] [%emt
00:00:04]} 83. Bd4 {[%clk 00:12:46] [%emt 00:01:09]} Bb4 {[%clk 00:59:08] [%emt
00:00:15]} 84. Bc6 {[%clk 00:12:19] [%emt 00:00:57]} Be1 {[%clk 00:59:24] [%emt
00:00:15]} 85. Bb6 {[%clk 00:12:25] [%emt 00:00:24]} Kd8 {[%clk 00:59:45] [%emt
00:00:09]} 86. Kd3 {[%clk 00:12:45] [%emt 00:00:09]} Bb4 {[%clk 01:00:07] [%emt
00:00:08]} 87. Kc2 {[%clk 00:08:14] [%emt 00:05:02]} Be1 {[%clk 01:00:32] [%emt
00:00:04]} 88. Kb2 {[%clk 00:08:37] [%emt 00:00:08]} Bb4 {[%clk 01:00:58] [%emt
00:00:03]} 89. Ka2 {[%clk 00:08:57] [%emt 00:00:11]} Bc3 {[%clk 01:00:29] [%emt
00:00:59]} 90. Kb1 {[%clk 00:06:13] [%emt 00:03:14]} Bd2 {[%clk 01:00:21] [%emt
00:00:37]} 91. Ka2 {[%clk 00:00:49] [%emt 00:05:55]} Bc3 {[%clk 01:00:47] [%emt
00:00:04]} 92. Ka3 {[%clk 00:01:11] [%emt 00:00:09]} Kc8 {[%clk 01:01:13] [%emt
00:00:03]} 93. Ka4 {[%clk 00:01:24] [%emt 00:00:16]} Na6 {[%clk 01:01:41] [%emt
00:00:03]} 94. Kb5 {[%clk 00:01:35] [%emt 00:00:19]} Nc5 {[%clk 01:02:06] [%emt
00:00:05]} 95. Bd5 {[%clk 00:01:49] [%emt 00:00:17]} Kd7 {[%clk 01:02:21] [%emt
00:00:15]} 96. Kc4 {[%clk 00:00:38] [%emt 00:01:40]} Be1 {[%clk 01:02:10] [%emt
00:00:41]} 97. Kb5 {[%clk 00:01:05] [%emt 00:00:03]} Bc3 {[%clk 01:02:34] [%emt
00:00:05]} 98. Kc4 {[%clk 00:01:12] [%emt 00:00:24]} Be1 {[%clk 01:02:59] [%emt
00:00:05]} 99. e5 {[%clk 00:01:21] [%emt 00:00:21]} fxe5 {[%clk 00:59:03] [%emt
00:04:25]} 100. f6 {[%clk 00:01:35] [%emt 00:00:16]} Ne6 {[%clk 00:59:30] [%emt
00:00:04]} 101. f7 {[%clk 00:01:16] [%emt 00:00:50]} Nf8 {[%clk 00:59:55] [%emt
00:00:04]} 102. Be3 {[%clk 00:01:24] [%emt 00:00:22]} Nh7 {[%clk 00:57:13] [%emt
00:03:12]} 103. Be4 {[%clk 00:00:53] [%emt 00:01:01]} Nf8 {[%clk 00:57:38] [%emt
00:00:05]} 104. Bd5 {[%clk 00:01:21] [%emt 00:00:02]} Nh7 {[%clk 00:58:03] [%emt
00:00:04]} 105. Be4 {[%clk 00:00:32] [%emt 00:01:20]} Nf8 {[%clk 00:58:30] [%emt
00:00:03]} 106. Bg5 {[%clk 00:00:38] [%emt 00:00:23]} Ke6 {[%clk 00:58:06] [%emt
00:00:54]} 107. Bd5+ {[%clk 00:01:07] [%emt 00:00:02]} Kd7 {[%clk 00:58:31]
[%emt 00:00:05]} 108. Kd3 {[%clk 00:01:19] [%emt 00:00:18]} Bg3 {[%clk 00:57:44]
[%emt 00:01:16]} 109. Ke4 {[%clk 00:01:18] [%emt 00:00:31]} Bf4 {[%clk 00:58:10]
[%emt 00:00:05]} 110. Bh4 {[%clk 00:01:05] [%emt 00:00:42]} Ng6 {[%clk 00:58:19]
[%emt 00:00:21]} 111. Be1 {[%clk 00:01:02] [%emt 00:00:34]} Ke7 {[%clk 00:58:02]
[%emt 00:00:47]} 112. Bxa5 {[%clk 00:01:12] [%emt 00:00:20]} Nh8 {[%clk
00:58:29] [%emt 00:00:03]} 113. Bd8+ {[%clk 00:00:36] [%emt 00:01:05]} Kf8
{[%clk 00:58:58] [%emt 00:00:02]} 114. Bf6 {[%clk 00:00:34] [%emt 00:00:32]}
Nxf7 {[%clk 00:59:21] [%emt 00:00:07]} 115. Kf5 {[%clk 00:00:38] [%emt
00:00:26]} Ke8 {[%clk 00:55:49] [%emt 00:04:02]} 116. Bc6+ {[%clk 00:00:45]
[%emt 00:00:23]} Kf8 {[%clk 00:56:14] [%emt 00:00:05]} 117. Kg6 {[%clk 00:00:57]
[%emt 00:00:18]} d5 {[%clk 00:56:08] [%emt 00:00:35]} 118. Bxd5 {[%clk 00:00:41]
[%emt 00:00:47]} Nd6 {[%clk 00:56:34] [%emt 00:00:04]} 119. b4 {[%clk 00:01:06]
[%emt 00:00:05]} e4 {[%clk 00:56:59] [%emt 00:00:04]} 120. Bxe4 {[%clk 00:01:33]
[%emt 00:00:04]} Nxe4 {[%emt 00:00:05]} 1/2-1/2

[Site "Europe Echecs"]

[Event "Grand Swiss "]
[Date "2025.09.15"]
[White "Wagner, Dennis"]
[Black "Hammer, Jon Ludvig"]
[WhiteElo "2608"]
[BlackElo "2618"]
[Round "11.11.54"]
[Result "1/2-1/2"]

1. d4 {[%clk 01:40:56] [%emt 00:00:04]} Nf6 {[%clk 01:40:50] [%emt 00:00:10]} 2.
c4 {[%clk 01:41:18] [%emt 00:00:07]} e6 {[%clk 01:41:15] [%emt 00:00:06]} 3. Nf3
{[%clk 01:41:32] [%emt 00:00:16]} d5 {[%clk 01:41:38] [%emt 00:00:06]} 4. g3
{[%clk 01:41:45] [%emt 00:00:17]} Be7 {[%clk 01:42:02] [%emt 00:00:07]} 5. Bg2
{[%clk 01:41:59] [%emt 00:00:16]} O-O {[%clk 01:42:24] [%emt 00:00:07]} 6. O-O
{[%clk 01:42:16] [%emt 00:00:13]} dxc4 {[%clk 01:42:48] [%emt 00:00:06]} 7. Qc2
{[%clk 01:42:23] [%emt 00:00:22]} a6 {[%clk 01:43:11] [%emt 00:00:08]} 8. a4
{[%clk 01:42:37] [%emt 00:00:16]} Bd7 {[%clk 01:43:35] [%emt 00:00:05]} 9. Qxc4
{[%clk 01:42:49] [%emt 00:00:18]} Bc6 {[%clk 01:43:58] [%emt 00:00:08]} 10. Bg5
{[%clk 01:42:59] [%emt 00:00:20]} Nbd7 {[%clk 01:41:47] [%emt 00:02:42]} 11. Nc3
{[%clk 01:42:51] [%emt 00:00:37]} h6 {[%clk 01:41:48] [%emt 00:00:29]} 12. Bxf6
{[%clk 01:43:13] [%emt 00:00:08]} Nxf6 {[%clk 01:42:11] [%emt 00:00:07]} 13. a5
{[%clk 01:41:49] [%emt 00:01:54]} Bd5 {[%clk 01:38:17] [%emt 00:04:24]} 14. Qd3
{[%clk 01:40:50] [%emt 00:01:28]} c5 {[%clk 01:36:54] [%emt 00:01:54]} 15. Nxd5
{[%clk 01:28:59] [%emt 00:12:21]} exd5 {[%clk 01:34:48] [%emt 00:02:37]} 16.
dxc5 {[%clk 01:17:39] [%emt 00:11:50]} Bxc5 {[%clk 01:35:10] [%emt 00:00:08]}
17. Nd4 {[%clk 01:14:12] [%emt 00:03:57]} Bxd4 {[%clk 01:32:12] [%emt 00:03:28]}
18. Qxd4 {[%clk 01:14:32] [%emt 00:00:09]} Rc8 {[%clk 01:32:19] [%emt 00:00:22]}
19. Qb4 {[%clk 01:00:55] [%emt 00:14:08]} Qd7 {[%clk 01:18:07] [%emt 00:14:42]}
20. Rad1 {[%clk 00:54:53] [%emt 00:06:32]} Qe6 {[%clk 01:05:43] [%emt 00:12:55]}
21. e3 {[%clk 00:52:21] [%emt 00:03:01]} Rc7 {[%clk 01:00:43] [%emt 00:05:30]}
22. Rd4 {[%clk 00:51:21] [%emt 00:01:30]} Rfc8 {[%clk 00:56:48] [%emt 00:04:25]}
23. Rfd1 {[%clk 00:50:42] [%emt 00:01:09]} Rc5 {[%clk 00:52:11] [%emt 00:05:07]}
24. Qd2 {[%clk 00:30:22] [%emt 00:20:50]} Rc2 {[%clk 00:49:11] [%emt 00:03:30]}
25. Qd3 {[%clk 00:26:28] [%emt 00:04:24]} Rxb2 {[%clk 00:34:17] [%emt 00:15:25]}
26. Bxd5 {[%clk 00:26:51] [%emt 00:00:07]} Nxd5 {[%clk 00:34:41] [%emt
00:00:06]} 27. Rxd5 {[%clk 00:27:17] [%emt 00:00:04]} Qf6 {[%clk 00:34:23] [%emt
00:00:48]} 28. Rf5 {[%clk 00:24:29] [%emt 00:03:19]} Qe6 {[%clk 00:34:43] [%emt
00:00:10]} 29. Rd5 {[%clk 00:24:18] [%emt 00:00:40]} Qf6 {[%clk 00:35:04] [%emt
00:00:09]} 30. Rf5 {[%clk 00:24:41] [%emt 00:00:07]} Qe6 {[%clk 00:35:29] [%emt
00:00:05]} 31. Rd5 {[%emt 00:02:32]} 1/2-1/2

[Site "Europe Echecs"]